书目信息 |
| 题名: |
教育管理与学习心理健康教育
|
|
| 作者: | 杨璐 , 高翔 , 胡君 著 | |
| 分册: | ||
| 出版信息: | 汕头 汕头大学出版社 2021.03 |
|
| 页数: | 293页 | |
| 开本: | 24cm | |
| 丛书名: | ||
| 单 册: | ||
| 中图分类: | G40-058 , G444 | |
| 科图分类: | ||
| 主题词: | 教育管理--研究 , 学生--心理健康--健康教育 | |
| 电子资源: | ||
| ISBN: | 978-7-5658-4069-2 | |
| 000 | 01210nam0 2200277 450 | |
| 001 | 012001000536 | |
| 005 | 20141201151321.0 | |
| 010 | @a978-7-5658-4069-2@dCNY84.00 | |
| 100 | @a20220905d2021 em y0chiy50 ea | |
| 101 | 0 | @achi |
| 102 | @aCN@b440000 | |
| 105 | @ay z 000yy | |
| 106 | @ar | |
| 200 | 1 | @a教育管理与学习心理健康教育@Ajiao yu guan li yu xue xi xin li jian kang jiao yu@f杨璐,高翔,胡君著 |
| 210 | @a汕头@c汕头大学出版社@d2021.03 | |
| 215 | @a293页@d24cm | |
| 330 | @a本书为有关教育管理与学习心理健康教育方面的专著,作者为各普通高校讲师或中学骨干教师,适用于教育管理与心理健康教育相关专业的工作者以及学生阅读。本书共十章,内容包括教育管理概述、教育管理基本原理、教育管理主要职能、教育管理方法策略、学生心理健康教育管理、学生学习基本理论、学习对学生心理健康的影响等,编写体例灵活,适用性较强,符合教育管理学学科发展的趋势,同时紧密结合学生学习的心理健康问题,具有较强的理论性、实践性和可操作性。 | |
| 606 | 0 | @a教育管理@x研究 |
| 606 | 0 | @a学生@x心理健康@x健康教育 |
| 690 | @aG40-058@v5 | |
| 690 | @aG444@v5 | |
| 701 | 0 | @a杨璐@Ayang lu@4著 |
| 701 | 0 | @a高翔@Agao xiang@4著 |
| 701 | 0 | @a胡君@Ahu jun@4著 |
| 801 | 0 | @aCN@bAHXH@c20221111 |
| 905 | @b1369522-6@dG40-058@e1307@f5 | |
| 教育管理与学习心理健康教育/杨璐,高翔,胡君著.-汕头:汕头大学出版社,2021.03 |
| 293页;24cm |
| ISBN 978-7-5658-4069-2:CNY84.00 |
| 本书为有关教育管理与学习心理健康教育方面的专著,作者为各普通高校讲师或中学骨干教师,适用于教育管理与心理健康教育相关专业的工作者以及学生阅读。本书共十章,内容包括教育管理概述、教育管理基本原理、教育管理主要职能、教育管理方法策略、学生心理健康教育管理、学生学习基本理论、学习对学生心理健康的影响等,编写体例灵活,适用性较强,符合教育管理学学科发展的趋势,同时紧密结合学生学习的心理健康问题,具有较强的理论性、实践性和可操作性。 |
| ● |
| 相关链接 |
|
|
|
|
正题名:教育管理与学习心理健康教育
索取号:G40-058/1307
 
预约/预借
| 序号 | 登录号 | 条形码 | 馆藏地/架位号 | 状态 | 备注 |
| 1 | 1369522 | 213695223 | 第一样本阅览室/ [索取号:G40-058/1307] | 在馆 | |
| 2 | 1369523 | 213695232 | 教育系资料室/ [索取号:G40-058/1307] | 在馆 | |
| 3 | 1369524 | 213695241 | 教育系资料室/ [索取号:G40-058/1307] | 在馆 | |
| 4 | 1369525 | 213695250 | 第四借阅区/ [索取号:G40-058/1307] | 在馆 | |
| 5 | 1369526 | 213695269 | 第四借阅区/ [索取号:G40-058/1307] | 在馆 |